000 03051nam0a2200481 4500
001 RU\NLR\BIBL_A\011487624
005 20250630155012.0
020 _aRU
_b7978
_9Сводный каталог листовок первых лет Советской власти (25 октября (7 ноября) 1917 - 1925) Т.4 (Ч.1). Листовки советских, партийных, профсоюзных, комсомольских и других организаций губерний РСФСР
035 _a(NLR Aleph) 011487624
090 _a11928521
_c11928521
100 _a20171003d1918 |||y0rusy50 ca
101 0 _arus
102 _aRU
105 _ay z 000zy
135 _acrgn 008apada
200 1 _aОбязательное постановление от Уездного отдела труда Совета рабочих и солдатских депутатов, 8 июня 1918 г.
_e[о порядке трудоустройства солдат, возвратившихся с фронта
_eлистовка]
210 _a[Вятка
_cб. и.
_d1918, июнь]
215 _a1 с.
_d28х18
300 _aПодписи: Комиссар И. Груздев; секретарь О. Певницкий; делопроизводитель Шатунов
325 1 _aКопия доступна в Электронной библиотеке РНБ
517 1 _aо порядке трудоустройства солдат, возвратившихся с фронта
607 _aРСФСР
_jЛистовки
_xПолитика и управление
_y1917 - 1925
_92312782
_3RU\NLR\auth\6601609564
686 0 _aТ3(2)71-313,011
686 1 _aТ3(2Р-4Ки)712-3,011
702 1 _4720
_7ca
_8rus
_aГруздев
_bИ. Д.
_cгос. деятель
_9171031
_3RU\NLR\AUTH\770171081
702 1 _aПевницкий
_bО.
_cучастник местного управления, секретарь
_4720
702 1 _aШатунов
_cучастник местного управления, делопроизводитель
_4720
710 0 2 _aВятский уездный отдел труда
_9573313
_3RU\NLR\AUTH\880454958
712 0 2 _4570
_aВятский уездный Совет рабочих и солдатских депутатов
_9573308
_3RU\NLR\AUTH\880454956
852 0 0 _aNLR
_bФЛ
_j27/88
856 0 _uhttp://vivaldi.nlr.ru/ll000076150/view
856 1 _uhttp://vivaldi.nlr.ru/ll000076150/cover
856 2 _uhttp://vivaldi.nlr.ru/ll000076150/text
942 _cBOOK
980 _aNB
981 2 1 _a(21) Листовки
_b(21) Листовки 1918 года
981 2 2 _a(22) Материалы по истории России
_b(22) История России с 25 октября (7 ноября) 1917 года